Schaum's outline of theory and problems of general topology (Record no. 3425)

MARC details
000 -LEADER
fixed length control field 00578nam a2200193Ia 4500
003 - CONTROL NUMBER IDENTIFIER
control field IN-BaIIA
008 - FIXED-LENGTH DATA ELEMENTS--GENERAL INFORMATION
fixed length control field 211028s9999 xx 000 0 eng d
040 ## - CATALOGING SOURCE
Transcribing agency IIA Library
080 ## - UNIVERSAL DECIMAL CLASSIFICATION NUMBER
Universal Decimal Classification number 515.12
Item number LIP
100 ## - MAIN ENTRY--PERSONAL NAME
Personal name Lipschutz, Seymour
9 (RLIN) 6066
245 #0 - TITLE STATEMENT
Title Schaum's outline of theory and problems of general topology
Statement of responsibility, etc. Seymour Lipschutz
260 ## - PUBLICATION, DISTRIBUTION, ETC.
Place of publication, distribution, etc. New York
Name of publisher, distributor, etc. McGraw-Hill
Date of publication, distribution, etc. 1965
300 ## - PHYSICAL DESCRIPTION
Extent 296p.
490 ## - SERIES STATEMENT
Series statement Schaum's outline series
650 ## - SUBJECT ADDED ENTRY--TOPICAL TERM
Topical term or geographic name entry element Algebra
9 (RLIN) 1494
650 ## - SUBJECT ADDED ENTRY--TOPICAL TERM
Topical term or geographic name entry element NASA thesaurus
650 ## - SUBJECT ADDED ENTRY--TOPICAL TERM
Topical term or geographic name entry element Topology
9 (RLIN) 4373
942 ## - ADDED ENTRY ELEMENTS (KOHA)
Koha item type Books
Holdings
Withdrawn status Lost status Damaged status Not for loan Home library Current library Shelving location Date acquired Cost, normal purchase price Total Checkouts Full call number Barcode Date last seen Cost, replacement price Price effective from Koha item type Purchase Price
        IIA Library-Bangalore IIA Library-Bangalore General Stacks 01/04/1970 28.91   515.12/ LIP 3811 05/11/2021 28.91 01/04/1970 Books Rs. 28.91

Powered by Koha